[Event "Satka Autumn 2020"]
[Site "Satka"]
[Date "2020.10.27"]
[Round "7.4"]
[White "Protopopova, Anastasiya"]
[Black "Schepetkova, Margarita"]
[Result "1-0"]
[WhiteElo "2210"]
[BlackElo "2257"]
[Annotator "TA"]
[PlyCount "55"]
[EventDate "2020.10.21"]
[EventType "swiss"]
[EventCountry "RUS"]
[SourceTitle "playchess.com"]
[Source "ChessBase"]
[SourceQuality "1"]

{[%evp 23,55,12,14,8,-8,-17,0,0,0,8,68,1,138,88,112,94,106,75,69,66,124,110,408,406,584,463,477,477,480,480,473,476,955,943]} 1. d4 Nf6 2. c4 e6 3. Nf3 c5 4. g3 cxd4 5. Nxd4 d5 6. Bg2 e5 7. Nf3 d4 8. O-O Nc6 9. e3 Be7 10. exd4 exd4 11. Bf4 O-O 12. Ne5 Qb6 13. Nxc6 {E01: Catalan: Early deviations.} bxc6 14. Nd2 {[#]} Bg4 $146 ({Predecessor:} 14... Be6 15. Qb3 Qa6 16. Qf3 Rac8 17. Be5 Qa5 18. Qf4 Nh5 19. Qxd4 Bc5 20. Qh4 Bxf2+ 21. Rxf2 Qxe5 {½-½ (66) Korchmar,V (2411)-Santos Latasa,J (2549) Batumi 2018}) 15. Qb3 {The position is equal.} Rac8 16. Rfe1 Be6 (16... Rfe8 $11) 17. Nf3 ({White should play} 17. Qxb6 $1 $14 axb6 18. Nf3) 17... Qa6 (17... Bb4 $1 $11) 18. Rac1 Bc5 19. Be5 $36 {[%mdl 2048] White is on the roll.} Rfd8 20. Red1 d3 21. Rxd3 Rxd3 ({Better is} 21... Ng4 $14 22. Bd4 Be7) 22. Qxd3 $16 {[#] Strongly threatening Ng5.} Qxa2 $2 {[%mdl 8192] This costs Black the game.} (22... Qb6 $16) 23. Ng5 $18 {Bxf6 is the strong threat.} Kf8 (23... Bxf2+ {keeps fighting.} 24. Kxf2 h6 25. Bxf6 hxg5) 24. Bd6+ {White is clearly winning.} Bxd6 25. Qxd6+ {[%mdl 64] [#] Double Attack} Kg8 26. Nxe6 Qxb2 27. Rd1 {Intending Qd8+! and mate.} Re8 (27... Qb8 $142 28. Qxb8 Rxb8) 28. Bxc6 {Av CentiPawn Loss W=-19/B=-84. Weighted=-23/-93} 1-0

[Event "Satka Autumn 2020"]
[Site "Satka"]
[Date "2020.10.27"]
[Round "7.5"]
[White "Doroshenko, Diana"]
[Black "Alekseeva, Irina"]
[Result "1-0"]
[WhiteElo "2214"]
[BlackElo "2110"]
[Annotator "TA"]
[PlyCount "75"]
[EventDate "2020.10.21"]
[EventType "swiss"]
[EventCountry "RUS"]
[SourceTitle "playchess.com"]
[Source "ChessBase"]
[SourceQuality "1"]

{[%evp 15,75,43,54,42,52,40,29,29,35,47,68,64,104,102,121,127,112,99,141,141,152,143,194,193,214,209,277,286,283,276,290,288,262,223,424,420,511,504,510,429,431,404,388,272,633,104,629,626,622,622,622,620,597,601,760,756,740,727,29988,29989,29994,29995]} 1. c4 Nf6 2. Nc3 c5 3. Nf3 d5 4. cxd5 Nxd5 5. d4 e6 6. e3 Nxc3 7. bxc3 Nd7 8. Bd3 Be7 9. O-O {D41: Queen's Gambit Declined: Semi-Tarrasch with 5 cxd5.} O-O {[#]} 10. Bc2 $146 ({Predecessor:} 10. Qc2 h6 11. e4 Qc7 12. Qe2 Rd8 13. e5 Nf8 14. Be3 b6 15. Nd2 Bb7 16. Qg4 {½-½ (30) Vaisser,A (2509)-Savina,A (2387) Drancy 2016}) 10... Nf6 11. Qd3 {White has an edge.} b6 12. e4 g6 13. Re1 Bb7 14. Bh6 $36 {[%mdl 2048] Keeping Black busy.} Re8 15. Ba4 c4 16. Qxc4 Bxe4 17. Bxe8 Qxe8 18. Ne5 Rc8 (18... Bb7 $16 19. Qd3 Rc8) 19. Qb3 $18 Qd8 20. Bg5 {[#] Hoping for Bxf6.} Bd5 21. c4 Bb7 22. Rad1 Ne4 23. Bxe7 Qxe7 24. f3 Nd6 $2 (24... Nf6 25. Qa4 Ba8) 25. d5 Nf5 26. dxe6 Qxe6 27. Ng4 Qxc4 28. Qxc4 Rxc4 29. Rd7 Bc8 $2 (29... Bc6) 30. Rd8+ Kg7 {[#]} 31. Ree8 $1 {[%csl Gd8][%cal Re8g8]} Rc1+ 32. Kf2 {[%csl Gd8][%cal Re8g8]} Rc2+ 33. Ke1 {[%csl Gd8][%cal Re8g8]} Ne7 34. Rxe7 Bxg4 35. fxg4 Rxg2 36. Rdd7 Rxa2 37. Rxf7+ Kh6 38. h4 {Black got outplayed after the opening. Av CentiPawn Loss W=-11/B=-91. Weighted=-11/-79} 1-0

[Event "Satka Autumn 2020"]
[Site "Satka"]
[Date "2020.10.27"]
[Round "7.6"]
[White "Loskutova, Viktoriya"]
[Black "Bivol, Alina"]
[Result "0-1"]
[WhiteElo "2110"]
[BlackElo "2393"]
[Annotator "TA"]
[PlyCount "96"]
[EventDate "2020.10.21"]
[EventType "swiss"]
[EventCountry "RUS"]
[SourceTitle "playchess.com"]
[Source "ChessBase"]
[SourceQuality "1"]

{[%evp 11,96,19,29,7,4,14,10,16,18,0,0,-6,17,0,10,-12,-10,-10,0,0,0,-16,-13,-68,-21,-37,-42,-63,-19,-10,-12,-16,-23,-27,0,-38,-35,-100,-41,-44,-37,-43,-33,-35,-33,-21,0,0,10,15,11,25,11,17,18,10,9,13,38,38,38,40,55,45,58,26,35,25,55,0,0,-109,83,0,0,0,0,-63,-72,-159,-162,-179,-159,-131,-132,-5431,-5289]} 1. e4 e6 2. d4 d5 3. Nd2 c5 4. exd5 exd5 5. Ngf3 Nc6 6. Bb5 Qe7+ $1 {[%mdl 4] is currently scoring better than 6...Bd6. Played by Shakhriyar Mamedyarov in July 2020.} 7. Qe2 {C09: French Tarrasch: 3...c5 4 exd5 exd5 5 Ngf3 Nc6.} (7. Be2 {seems wilder.} Nf6 8. O-O Qc7 9. Re1 cxd4 10. Nb3) 7... Qxe2+ 8. Kxe2 a6 9. Bxc6+ $1 {The position is equal.} bxc6 10. dxc5 Bxc5 11. Re1 f6 12. Nb3 Bd6 13. Kf1+ Kf7 14. Be3 Rb8 {[#]} 15. Ba7 $146 ({Predecessor:} 15. c3 Bg4 16. Nfd4 Ne7 17. h3 Bd7 18. Ne2 g5 19. Rad1 Nf5 20. Bc1 Rhd8 21. Nbd4 Nxd4 22. cxd4 {½-½ (53) Pribyl,J (2239)-Rempeli,A (2016) Bamberg 2019}) 15... Rb7 16. Bd4 Ne7 17. Rac1 (17. Bc5 $11 Bxc5 18. Nxc5 Rxb2 19. Nd4) 17... Bg4 18. Nfd2 Bf5 (18... Bxh2 $6 19. g3 $14) 19. Nc5 Rb4 (19... Rb5 $5 {[%cal Rd6c5]} 20. Ndb3 Bxh2 $15) 20. Ndb3 Ra8 21. c3 Rbb8 22. Na4 Bc7 23. Nbc5 a5 24. Re2 (24. b3 $15) 24... Ng6 (24... Bxh2 $17 25. f3 Bd6) 25. h3 h5 26. b3 Bd6 27. Rd1 Ne5 28. Nb2 Rb5 29. Nca4 Rbb8 30. c4 dxc4 31. Bxe5 $1 Bxe5 32. Nxc4 Bf4 33. Nd6+ Bxd6 $1 34. Rxd6 Rb5 35. Re1 Rd5 36. Rxc6 {[#] aiming for Nb6.} Rd2 37. Rc7+ Kg6 $1 38. Nc3 Rad8 39. Ree7 Rc2 40. Rxg7+ (40. g4 $14 hxg4 41. hxg4 (41. Rxg7+ Kh6 $17) 41... Bxg4 42. Rxg7+ Kf5 43. Kg2 (43. Rc5+ Kf4 $14)) 40... Kh6 $11 {[#] Hoping for ...Rdd2.} 41. Kg1 (41. Rg3 $11 {keeps the balance.}) 41... Rdd2 $2 (41... Rc1+ $17 {and life is bright.} 42. Kh2 Rxc3 43. Rxc3 Kxg7) 42. g4 (42. Rgf7 $16 Kg5 43. h4+ Kg6 44. Rh7 Rc1+ 45. Kh2) 42... hxg4 43. hxg4 Bg6 44. Rge7 ({Better is} 44. g5+ $11 fxg5 45. Rg8) 44... Rxf2 $15 {Strongly threatening ...Rg2+.} 45. Re3 (45. Rcd7 $142) 45... Rg2+ {[%mdl 1024] Black has strong compensation.} 46. Kf1 Rh2 {[%cal Rh2h1]} ({Worse is} 46... Rxg4 47. Rh3+ Bh5 48. Nd5 $15) 47. Kg1 Rhd2 {( -> ...Rc1+)} 48. Kf1 $2 {[%mdl 8192]} (48. Rf3 $17) 48... Rc1+ {Av CentiPawn Loss W=-41/B=-15. Weighted=-80/-24} 0-1

[Event "Satka Autumn 2020"]
[Site "Satka"]
[Date "2020.10.27"]
[Round "7.7"]
[White "Guseva, Marina"]
[Black "Petrukhina, Olga"]
[Result "0-1"]
[WhiteElo "2377"]
[BlackElo "2109"]
[Annotator "TA"]
[PlyCount "116"]
[EventDate "2020.10.21"]
[EventType "swiss"]
[EventCountry "RUS"]
[SourceTitle "playchess.com"]
[Source "ChessBase"]
[SourceQuality "1"]

{[%evp 17,116,9,12,-143,-141,-204,-203,-198,-186,-179,-187,-269,-285,-295,-292,-290,-298,-282,-287,-289,-277,-373,-207,-196,-190,-194,-197,-182,-165,-202,-179,-204,-195,-217,-216,-273,-286,-271,-268,-266,-256,-264,-238,-252,-250,-260,-202,-247,-234,-289,-202,-263,-177,-443,-381,-349,-333,-339,-343,-337,-311,-302,-278,-303,-329,-379,-369,-437,-438,-495,-491,-451,-249,-552,-547,-520,-526,-478,-213,-215,-202,-353,-260,-196,-187,-236,-41,-40,-40,-46,-47,-12843,-12843,-12844,-12844,-12845,-12845,-12846,-12846,-12847,-12847]} 1. d4 e6 2. c4 d5 3. Nc3 Be7 4. cxd5 exd5 5. Bf4 Nf6 6. Qc2 c5 7. Nf3 Nc6 8. dxc5 Bxc5 9. e3 O-O 10. O-O-O $2 {[#] D37: Queen's Gambit Declined: 5 Bf4.} ({Better is} 10. Be2 $11) 10... Nb4 $146 ({Predecessor:} 10... Bg4 11. a3 Rc8 12. Kb1 Be7 13. h3 Be6 14. g4 Qa5 15. Ng5 Nd8 16. f3 h6 17. h4 d4 18. Rxd4 {1-0 (29) Gustafsson,J (2355)-Zumsande,M (2230) Germany 1998}) 11. Qb3 (11. Qb1 $17 {keeps fighting.}) 11... Bf5 $19 12. Nd4 {Black is clearly better.} Bxd4 13. Rxd4 a5 14. Bb5 (14. f3 {is a better defense.}) 14... Ne4 15. f3 Nc5 $1 {[%cal Rc5b3]} 16. Qd1 {intending e4.} Rc8 17. Kd2 Ne6 18. Ke2 Qb6 {White must now prevent ...Nxa2!} ({Weaker is} 18... Nxd4+ 19. Qxd4 Bd7 20. Bxd7 $17) 19. a4 Nxd4+ (19... Nc2 $142 20. Rxd5 Nxf4+ 21. exf4 Qe3+ {[%mdl 64] Double Attack} 22. Kf1 Qxf4) 20. Qxd4 Qxd4 21. exd4 Rfd8 22. Kd2 f6 23. Bg3 Kf7 24. h3 Bc2 25. Ra1 Bb3 26. Bd3 Nxd3 27. Kxd3 Bc4+ 28. Kc2 Rc6 29. Bf4 g5 30. Bd2 Ba6 31. b3 h5 32. Rh1 h4 33. Rg1 b6 34. Rb1 Bc8 {Hoping for ...Bf5+.} 35. Rb2 $2 (35. Rc1) 35... Bf5+ 36. Kd1 Bd3 37. Ke1 Ke6 38. b4 axb4 39. Rxb4 Rdc8 40. Nd1 Ra8 41. Ne3 Ra6 42. Rb3 Bc2 43. Rb5 Bxa4 44. Rxd5 Rd6 (44... Rc8 $142 {Strongly threatening ...Bc6.} 45. Bb4 Kf7) 45. Rf5 $2 (45. Rxd6+ {nothing else works.} Kxd6 46. Bb4+ Kd7 47. d5) 45... Rxd4 {And now ...Rd3 would win.} 46. Bc3 Rd3 47. Rxf6+ Ke7 (47... Kd7 $142 48. Rf7+ Ke8) 48. Nf5+ Kd7 49. Bd2 $2 (49. Rf7+ Kc8 50. Ne7+ Kd8 51. Bf6) 49... Bb5 50. Bxg5 Ra2 51. Rxb6 {[#]} Rxg2 $2 (51... Rd5 $1 $19 {[%mdl 512] ( -> ...Re2+)} 52. Rb7+ {[#]} Kc6 $1 {[%mdl 512]} 53. Ne7+ Kxb7 54. Nxd5 Re2+ 55. Kd1 Re5 {[%mdl 64] Double Attack} 56. Bxh4 Rxd5+ 57. Ke1 Re5+ 58. Kf2 Re2+ 59. Kg1 Kc6) 52. Rxb5 $15 Rxg5 $19 {[%mdl 4096] Endgame KRR-KRN} 53. Ke2 Ra3 {aiming for ...Rg2+.} 54. Rb7+ $2 {[%mdl 8192] White does not recover from this.} (54. Kf2 $15) 54... Kc6 {Black is clearly winning.} 55. Rf7 Rg2+ 56. Kf1 Rh2 {[%cal Ra3a1]} 57. Kg1 Rd2 {[%cal Ra3a1]} 58. Rf6+ Kd7 {Av CentiPawn Loss W=-50/B=-27. Weighted=-65/-32} 0-1

[Event "Satka Autumn 2020"]
[Site "Satka"]
[Date "2020.10.27"]
[Round "7.8"]
[White "Smirnova, Ekaterina"]
[Black "Prudnikova, Svetlana"]
[Result "1/2-1/2"]
[WhiteElo "2282"]
[BlackElo "2203"]
[Annotator "TA"]
[PlyCount "67"]
[EventDate "2020.10.21"]
[EventType "swiss"]
[EventCountry "RUS"]
[SourceTitle "playchess.com"]
[Source "ChessBase"]
[SourceQuality "1"]

{[%evp 9,67,20,24,16,29,28,31,25,30,29,26,8,8,4,4,8,3,0,15,5,10,4,19,0,0,0,0,0,0,0,0,0,0,0,0,-11,0,0,0,0,0,-9,0,0,0,0,0,-20,-20,-26,-26,-22,-8,-25,0,-29,0,-33,0,-37]} 1. d4 {Hecht,H} Nf6 2. c4 e6 3. Nf3 b6 4. a3 Ba6 5. Qb3 c5 6. d5 {E12: Queen's Indian: Unusual White 4th moves, 4 a3, 4 Nc3 Bb7 5 a3 and 4 Nc3 Bb7 .} exd5 7. cxd5 d6 8. Nc3 {White is slightly better.} g6 9. Bf4 Bg7 10. Qa4+ Qd7 11. Bxd6 {[#] Threatens to win with Qf4.} Qxa4 12. Nxa4 {With the idea Nc3.} Nxd5 13. O-O-O Ne7 {[#]} 14. e3 $146 ({Predecessor:} 14. e4 Bxf1 15. Rhxf1 Nbc6 16. Nc3 Bxc3 17. bxc3 Rd8 18. Be5 Rxd1+ 19. Rxd1 Nxe5 20. Nxe5 {1-0 (36) Dreev,A (2676)-Vallejo Pons,F (2648) Biel 2002 CBM 091 [Hecht,H]}) 14... Bxf1 15. Rhxf1 Nbc6 16. Nc3 Bxc3 17. bxc3 f6 18. g4 O-O-O 19. Bg3 Rxd1+ 20. Rxd1 Rd8 21. Rxd8+ Kxd8 $11 {[%mdl 4096] Endgame KBN-KNN} 22. Bh4 g5 23. Bg3 Kd7 24. Kc2 Ke6 25. c4 Ng6 26. h3 h6 27. Nd2 f5 28. gxf5+ Kxf5 29. f3 Nge5 30. Kc3 Na5 31. Bh2 Nac6 32. Bg3 Na5 33. Bh2 Nac6 34. Bg3 {An uneventful encounter. Av CentiPawn Loss W=-8/B=-2. Weighted=-7/-2} 1/2-1/2

[Event "Satka Autumn 2020"]
[Site "Satka"]
[Date "2020.10.27"]
[Round "7.9"]
[White "Maltsevskaya, Aleksandra"]
[Black "Martynyuk, Elizaveta"]
[Result "1-0"]
[WhiteElo "2260"]
[BlackElo "2102"]
[Annotator "TA"]
[PlyCount "63"]
[EventDate "2020.10.21"]
[EventType "swiss"]
[EventCountry "RUS"]
[SourceTitle "playchess.com"]
[Source "ChessBase"]
[SourceQuality "1"]

{[%evp 14,63,19,16,9,10,6,5,14,4,0,0,52,56,66,60,141,143,208,147,270,229,226,221,226,222,227,223,219,215,216,221,306,304,334,324,338,242,232,200,192,147,273,252,357,338,343,336,454,448,467,429]} 1. e4 c5 2. Nf3 g6 3. d4 cxd4 4. Nxd4 Nc6 5. Nc3 Bg7 6. Be3 Nf6 7. Bc4 O-O 8. Bb3 Re8 {B35: Sicilian: Accelerated Dragon with 5 Nc3: main line.} 9. O-O d6 10. h3 Na5 {The position is equal.} 11. f4 Nxb3 12. axb3 {[#]} e5 $146 (12... b6 $11) ({Predecessor:} 12... e6 13. Ndb5 d5 14. e5 Nd7 15. Nxa7 f6 16. exf6 Qxf6 17. Nab5 Rxa1 18. Qxa1 Rf8 19. Bd4 Qf5 20. Bxg7 Kxg7 21. Qd1 Nf6 22. g4 {1-0 (22) Sadhwani,R (2545)-Bernadskiy,V (2629) chess.com INT 2020}) 13. fxe5 $14 Rxe5 14. Qf3 $36 {[%mdl 2048] White has some pressure.} Qe8 ({Better is} 14... Qe7 $14) 15. Ndb5 $16 Qe7 (15... Rxb5 $16 {was necessary.} 16. Nxb5 Qxb5) 16. Bd4 (16. Bxa7 $6 Nxe4 17. Nxe4 Rxe4 $14) (16. Rxa7 Rxa7 17. Nxa7 Bd7 $11) 16... Re6 (16... a6 $16 {keeps fighting.} 17. Bxe5 dxe5) 17. Bxf6 {[%mdl 64] [#] Overworked Piece} (17. Rxa7 Rxa7 18. Bxa7 b6 $14) 17... Qxf6 18. Nc7 (18. Rxa7 $2 Qxf3 19. gxf3 Rxa7 $19) 18... Qd4+ 19. Qf2 Qxf2+ 20. Rxf2 Rb8 21. Nxe6 Bxe6 22. Rd2 (22. Rxa7 $6 Bd4 $16) 22... b5 23. Rxa7 b4 24. Nd5 (24. Rxd6 bxc3 25. bxc3 Bxc3 $11) 24... Bxb2 25. Ra4 Kg7 26. Nxb4 Bc3 27. Na6 Rb6 (27... Rxb3 $16 {might work better.} 28. Rxd6 (28. cxb3 Bxd2 29. Nc7 Bxb3 $16) 28... Rb1+ 29. Kf2 Be5) 28. Rd3 $18 Bd7 (28... Rc6 $142 29. Nb4 Bxb4) 29. Nc5 ({Weaker is} 29. Rxc3 Bxa4 30. Nc7 (30. bxa4 Rxa6 31. Rc4 Kf6 $16) 30... Bc6 $16) 29... dxc5 30. Rxd7 Bd4+ 31. Kf1 Re6 32. Rc4 {Black did not feel at home in the position after the opening. Av CentiPawn Loss W=-17/B=-33. Weighted=-18/-34} 1-0

[Event "Satka Autumn 2020"]
[Site "Satka"]
[Date "2020.10.27"]
[Round "7.10"]
[White "Zherebtsova, Alexandra"]
[Black "Shnayder, Violetta"]
[Result "1-0"]
[WhiteElo "2225"]
[BlackElo "1917"]
[Annotator "TA"]
[PlyCount "73"]
[EventDate "2020.10.21"]
[EventType "swiss"]
[EventCountry "RUS"]
[SourceTitle "playchess.com"]
[Source "ChessBase"]
[SourceQuality "1"]

{[%evp 12,73,0,0,63,61,75,50,61,56,72,68,67,73,71,8,29,28,27,31,73,77,75,73,60,23,12,29,87,11,28,33,53,58,65,75,88,79,91,43,34,-3,42,32,29,24,89,85,103,83,100,103,192,146,193,169,211,223,195,157,149,59,29988,29989]} 1. d4 Nf6 2. Bf4 g6 3. e3 Bg7 4. Nf3 d6 5. h3 O-O 6. Be2 Nbd7 7. O-O e5 {A48: 1 d4 Nf6 2 Nf3 g6: Torre, London and Colle Systems.} (7... b6 $11) 8. dxe5 $14 Ne4 {[%cal Rd7e5] [#]} 9. Qd5 $146 ({Predecessor:} 9. exd6 Bxb2 10. dxc7 Qe7 11. Nbd2 Nc3 12. Qe1 Bxa1 13. Bd3 Bb2 14. Nc4 Qe6 15. Nxb2 {0-1 (90) Tristan,L (2535)-Gevorgyan,M (2228) chess.com INT 2020}) 9... dxe5 {White is slightly better.} 10. Nxe5 ({Of course not} 10. Qxe4 exf4 11. Nc3 fxe3 $15) 10... Nxe5 11. Qxe4 Bf5 12. Qa4 c6 13. Na3 ({Better is} 13. Rd1 $16 Qe7 14. Nd2) 13... b5 14. Qb4 a5 15. Qc5 Nd7 16. Qxc6 Bxb2 {[%mdl 64] Double Attack} 17. Nxb5 {Black must now prevent Rad1.} Rc8 18. Qf3 {aiming for Rad1.} Bxa1 19. Rxa1 Qf6 (19... Bxc2 $11 {keeps the balance.} 20. Rf1 Qf6) 20. Nd4 (20. c3 $16) 20... Bxc2 21. Qd5 Bf5 22. Qxa5 Rc5 23. Qd2 Nb6 {[%cal Bd7b6,Bb6d5,Bd5c3][%mdl 32] [#]} 24. a4 $1 {[%cal Ba2a4,Ba4a5,Ba5a6,Ba6a7][%mdl 32]} Nd5 25. Bg3 Nc3 26. Bd3 Ne4 27. Bxe4 Bxe4 28. a5 h5 (28... Ra8 $11) 29. a6 $16 h4 30. Bf4 g5 {[#]} 31. Bh2 $1 Ba8 (31... Qb6 $16) 32. a7 Rfc8 {White should prevent ...Qa6.} 33. Bb8 Qg6 34. f3 f5 35. Qa2+ Kh7 {intending ...g4.} 36. Qa4 ({White should try} 36. Rd1 $16) 36... Qd6 $2 {[%mdl 8192]} (36... Qe8 $14) 37. Bxd6 {Av CentiPawn Loss W=-15/B=-51. Weighted=-18/-109} 1-0

[Event "Satka Autumn 2020"]
[Site "Satka"]
[Date "2020.10.27"]
[Round "7.11"]
[White "Shamsutdinova, Karina"]
[Black "Mukhina, Jana"]
[Result "0-1"]
[WhiteElo "1762"]
[BlackElo "2025"]
[Annotator "TA"]
[PlyCount "68"]
[EventDate "2020.10.21"]
[EventType "swiss"]
[EventCountry "RUS"]
[SourceTitle "playchess.com"]
[Source "ChessBase"]
[SourceQuality "1"]

{[%evp 22,68,41,14,0,12,23,-188,-186,-167,-150,-229,-214,-226,-222,-333,-239,-253,-213,-214,-209,-212,-163,-165,-128,-124,-127,-120,-120,-247,-268,-259,-216,-221,-230,-511,-488,-491,-489,-470,-419,-413,-376,-780,-775,-772,-768,-748,-712]} 1. d4 Nf6 2. c4 c5 3. d5 e6 4. Nc3 exd5 5. cxd5 d6 6. e4 g6 7. f4 Bg7 8. Bb5+ Nfd7 9. a4 O-O 10. Nf3 Na6 11. O-O Nb4 12. Kh1 a6 {A67: Modern Benoni: Taimanov Variation.} 13. Bd3 Re8 14. Na2 $2 (14. f5 $11) 14... Nxd3 $19 {Black is clearly better.} 15. Qxd3 {[#]} b5 $1 {[%mdl 512]} 16. Re1 (16. f5 $17 {keeps fighting.}) (16. axb5 axb5) 16... c4 17. Qc2 {[#]} Nc5 $1 18. a5 (18. Bd2 $142) 18... Qxa5 19. Bd2 Qa4 20. Qxa4 Nxa4 21. Nc3 Nxc3 22. Bxc3 Bxc3 23. bxc3 Bb7 24. Nd4 Re7 25. Re2 (25. Kg1 $17 {was necessary.}) 25... Rae8 26. e5 Bxd5 {[%cal Rd6e5]} 27. Rxa6 dxe5 28. Nxb5 $2 (28. fxe5 {might work better.} Rxe5 29. Rxe5 Rxe5 30. Kg1) 28... exf4 {[%mdl 64] Discovered Attack} 29. Rxe7 Rxe7 {[%cal Re7e1] KRB-KRN} 30. Kg1 Re2 31. Rd6 Bxg2 {Hoping for ...Bh3.} ({Resist} 31... Rxg2+ 32. Kf1 $19) 32. Rd4 $2 (32. Nd4 Rb2 33. Rf6) 32... Bh3 {( -> ...f3). Black is clearly winning.} 33. Rxf4 Rg2+ 34. Kh1 Rb2 {Av CentiPawn Loss W=-52/B=-19. Weighted=-74/-19} 0-1

[Event "Satka Autumn 2020"]
[Site "Satka"]
[Date "2020.10.27"]
[Round "7.12"]
[White "Filippova, Margarita"]
[Black "Vanishvili, Mari"]
[Result "1-0"]
[WhiteElo "1896"]
[BlackElo "1878"]
[Annotator "NA RC"]
[PlyCount "87"]
[EventDate "2020.10.21"]
[EventType "swiss"]
[EventCountry "RUS"]
[SourceTitle "playchess.com"]
[Source "ChessBase"]
[SourceQuality "1"]
[TimeControl "5400+30"]

{[%evp 8,58,39,38,31,19,38,22,41,25,42,30,28,32,38,29,41,22,53,32767,32767,-13,2,0,14,-22,21,18,42,42,29,24,45,43,86,114,126,117,138,90,93,91,124,114,116,129,116,51,101,54,120,95,158]} 1. d4 {[%emt 0:00:00]} d6 {[%emt 0:05:43]} 2. Nf3 {[%emt 0:00:00]} f5 {[%emt 0:00:09]} 3. g3 {[%emt 0:00:30]} g6 {[%emt 0:00:06]} 4. Bg2 {[%emt 0:00:04]} Bg7 {[%emt 0:00:04]} 5. O-O {[%emt 0:00:56]} Nf6 {[%emt 0:00:04]} 6. c3 {[%emt 0:00:51]} O-O {[%emt 0:00:11]} 7. Qb3+ {[%emt 0:01:16] 7.Qb3+ scores better than 7.Nbd2.} Kh8 {[%emt 0:00:36]} 8. Ng5 {[%emt 0:00:34]} d5 {[%emt 0:00:08] A81: Dutch Defence: 2 g3.} 9. Nd2 {[%emt 0:04:04]} Nc6 {[%emt 0:17:04]} 10. Ndf3 {[%emt 0:02:35]} h6 {[%emt 0:07:35]} 11. Nh3 {[%emt 0:00:13]} g5 {[%emt 0:00:12]} 12. Ne5 {[%emt 0:06:41]} Nxe5 {[%emt 0:03:11]} 13. dxe5 {[%emt 0:00:05]} Ne4 {[%emt 0:08:14] [#]} 14. Rd1 $146 {[%emt 0:12:09]} ({White should try Predecessor:} 14. f3 $14 Nc5 15. Qd1 c6 16. Be3 b6 17. b4 Ne6 18. f4 g4 19. Nf2 Bb7 20. Rb1 {0-1 (41) Gutman,L (2530)-Barbero,G (2405) Montpellier 1987}) 14... c6 {[%emt 0:04:31]} 15. f3 {[%emt 0:02:52]} Nc5 {[%emt 0:00:46]} 16. Qb4 {[%emt 0:01:08]} Na6 {[%emt 0:11:08]} 17. Qd4 {[%emt 0:01:37]} e6 {[%emt 0:01:17]} 18. f4 {[%emt 0:12:18]} g4 {[%emt 0:00:17]} 19. Nf2 {[%emt 0:00:12]} Qc7 {[%emt 0:13:34]} 20. b4 {[%emt 0:06:02]} Rd8 {[%emt 0:03:34]} 21. e4 {[%emt 0:01:31]} Bd7 {[%emt 0:00:33]} 22. exf5 {[%emt 0:01:19]} ({Resist} 22. exd5 $6 cxd5 23. a4 Rdc8 $14) 22... exf5 {[%emt 0:00:07]} 23. Be3 {[%emt 0:00:57]} Be6 {[%emt 0:01:52]} 24. Qd2 {[%emt 0:02:24]} b6 {[%emt 0:02:40]} 25. a4 {[%emt 0:03:04]} Bf8 {[%emt 0:06:20]} 26. Nd3 {[%emt 0:01:23]} Rac8 {[%emt 0:05:29]} 27. Qe2 {[%emt 0:03:57]} (27. a5 $16 Nb8 28. Qf2) 27... Nb8 {[%emt 0:02:14]} 28. Rd2 {[%emt 0:06:13]} Be7 {[%emt 0:01:28]} ({Better is} 28... c5 $14) 29. Rad1 {[%emt 0:01:31]} Qb7 $16 {[%emt 0:03:15]} 30. Ne1 {[%emt 0:01:57]} Nd7 {[%emt 0:01:08]} 31. Nc2 {[%emt 0:00:58]} Nf8 {[%emt 0:00:49]} 32. Nd4 {[%emt 0:01:01]} a6 {[%emt 0:00:54]} 33. Qd3 {[%emt 0:00:59]} Qd7 {[%emt 0:00:37]} 34. Qxa6 {[%emt 0:00:56]} Ra8 {[%emt 0:00:33]} 35. Qxb6 {[%emt 0:01:29]} Rxa4 {[%emt 0:00:31]} 36. Qxc6 {[%emt 0:01:23]} Rc8 {[%emt 0:00:07]} 37. Qxd7 {[%emt 0:00:22]} Bxd7 {[%emt 0:00:09]} 38. e6 {[%emt 0:01:31]} Bxe6 {[%emt 0:01:13]} 39. Nxe6 {[%emt 0:00:42]} Nxe6 {[%emt 0:00:06]} 40. Rxd5 {[%emt 0:02:39]} Rxc3 {[%emt 0:00:55]} 41. Re5 {[%emt 0:01:17]} Ra6 {[%emt 0:00:28]} 42. b5 {[%emt 0:00:27]} Ra2 {[%emt 0:00:33]} 43. Rxe6 {[%emt 0:00:52]} Rcc2 {[%emt 0:00:06]} 44. Bd4+ {[%emt 0:00:24]} 1-0